LEADER 05624nam 2200685Ia 450 001 9910465259903321 005 20200520144314.0 010 $a1-118-32820-5 010 $a1-283-59255-X 010 $a9786613905000 010 $a1-118-32818-3 035 $a(CKB)2560000000093213 035 $a(EBL)894249 035 $a(OCoLC)810082641 035 $a(SSID)ssj0000737922 035 $a(PQKBManifestationID)11439066 035 $a(PQKBTitleCode)TC0000737922 035 $a(PQKBWorkID)10789113 035 $a(PQKB)10597574 035 $a(MiAaPQ)EBC894249 035 $a(Au-PeEL)EBL894249 035 $a(CaPaEBR)ebr10596944 035 $a(CaONFJC)MIL390500 035 $a(EXLCZ)992560000000093213 100 $a20111215d2012 uy 0 101 0 $aeng 135 $aur|n|---||||| 181 $ctxt 182 $cc 183 $acr 200 14$aThe interior design business handbook$b[electronic resource] $ea complete guide to profitability /$fMary V. Knackstedt 205 $a5th ed. 210 $aHoboken $cWiley$dc2012 215 $a1 online resource (561 p.) 300 $aDescription based upon print version of record. 311 $a1-118-13987-9 320 $aIncludes bibliographical references and index. 327 $aThe Interior Design Business Handbook; Contents; Preface; Acknowledgments; Chapter 1 Finding Your Place in Interior Design; What It Takes to Be an Interior Designer; Five Traditional Ways of Working; Designer; Agent; Merchant; Employees; Contractor; Working Styles; Independent Practice; Apprenticeship; Teams; Group Practices; Design Associates; Design/Build Team; Specialization and Specialties; Acoustic Design; Adaptive Reuse; Administrative Headquarters Design; Airplane Design; Amusement Park Design; Apartment, Condominium, and Co-op Design; Aquarium Design; Art Consulting; Art Dealing 327 $aAudiovisual DesignAuditorium Design; Barrier-Free Design; Bathroom Design; Beauty Salon and Barbershop Design; CAD Specialization; Carpet and Rug Design; Ceramic Tile Design; Closet Design; Color Consultation; Commercial Design; Computer/High-Tech Office Design; Construction Supervision; Corporate Campus Design; Corporate In-House Design; Cosmetic Dentistry; Country Club Design; Dental Office Design; Design Coordination; Design for Children; Design for In-Home Medical Care; Design for Vision or Hearing Impairments; Display and Exhibit Design; Energy Conservation Design; Ergonomic Design 327 $aEstate ManagementFacility Management; Factory and Production Consulting; Faux Finishes and Stenciling; Feng Shui; Forensic Consulting; Funeral Home Design; Furniture Design; Furniture Management; Geriatric Design; Graphic Design; Greenhouse Design; Hard-Surface Flooring Design; Hardware Design; Health and Fitness Club Design; Hedonistic Sustainability; Historic Preservation; Home Office Design; Home Theater Design; Hospital Design; Hospitality Design; Houseboat Design; Human Factors; Interior Landscaping; Journalism; Kennel Design; Kid Friendly; Kitchen Design; Law Office Design 327 $a(LED) Leadership in Energy and Environmental DesignLibrary Design; Licensing; Lighting Design; Lighting Fixture Design; Liturgical Design; Manufacturer In-House Design; Manufacturer Representation; Marine Design; Marketing; Medical Center Design; Medical Office Design; Medical Spa Specialization; Model Home Design; Modular Prefabricated Design; Multimedia Center Design; Mural Painting; Museum Design; Nursing Home Design; Office Design; Park Design; Party and Ball Design; Passenger Train and Bus Design; Patio and Outdoor Room Design; Permaculture; Photographic Set Design; Photographic Styling 327 $aPlumbing Fixture DesignPrison Design; Privacy Design; Product Design; Product Display; Product Evaluation; Product Marketing; Professional or Trade Organizations; Project Management; Proxemics; Psychiatric Care Facility Design; Public Relations; Purchasing; Real Estate Development; Real Estate Upgrading; Rendering; Residential Design; Resort Design; Restaurant Design; Restaurant Kitchen Design; Retail and Specialty Selling; Retail Store Design; Safety Code Specialist; Security Consulting; Set Design; Shop-at-Home Services; Shopping Mall Design; Showroom Design; Socially Dedicated Design 327 $aSolar Design 330 $a Thousands of interior design professionals have come to rely on The Interior Design Business Handbook for comprehensive, accessible coverage of the essential procedures, tools, and techniques necessary to manage a successful interior design business. The Fifth Edition of this essential resource has been revised to address the latest trends and changes in the field, with new and updated material on business size and structure, building a brand, client development, social networking and Internet marketing, finances, purchasing, technology and software programs, and other key are 606 $aInterior decoration$xPractice$vHandbooks, manuals, etc 606 $aInterior decoration firms$zUnited States$xManagement$vHandbooks, manuals, etc 606 $aInterior decoration$zUnited States$xMarketing$vHandbooks, manuals, etc 608 $aElectronic books. 615 0$aInterior decoration$xPractice 615 0$aInterior decoration firms$xManagement 615 0$aInterior decoration$xMarketing 676 $a729.068 700 $aKnackstedt$b Mary V$0954000 801 0$bMiAaPQ 801 1$bMiAaPQ 801 2$bMiAaPQ 906 $aBOOK 912 $a9910465259903321 996 $aThe interior design business handbook$92157483 997 $aUNINA LEADER 05027nam 2200793 450 001 9910797746003321 005 20200520144314.0 010 $a0-8122-9202-2 024 7 $a10.9783/9780812292022 035 $a(CKB)3710000000519619 035 $a(EBL)4321863 035 $a(SSID)ssj0001562605 035 $a(PQKBManifestationID)16213092 035 $a(PQKBTitleCode)TC0001562605 035 $a(PQKBWorkID)12238590 035 $a(PQKB)10536151 035 $a(OCoLC)926092698 035 $a(MdBmJHUP)muse46636 035 $a(DE-B1597)452748 035 $a(OCoLC)952781437 035 $a(DE-B1597)9780812292022 035 $a(Au-PeEL)EBL4321863 035 $a(CaPaEBR)ebr11149351 035 $a(CaONFJC)MIL842262 035 $a(OCoLC)935259443 035 $a(MiAaPQ)EBC4321863 035 $a(EXLCZ)993710000000519619 100 $a20160210h20162016 uy 0 101 0 $aeng 135 $aurcnu|||||||| 181 $ctxt 182 $cc 183 $acr 200 10$aBeyond rust $emetropolitan Pittsburgh and the fate of industrial America /$fAllen Dieterich-Ward 210 1$aPhiladelphia, Pennsylvania :$cUniversity of Pennsylvania Press,$d2016. 210 4$dİ2016 215 $a1 online resource (361 p.) 225 1 $aPolitics and Culture in Modern America 300 $aIncludes index. 311 $a0-8122-2392-6 311 $a0-8122-4767-1 320 $aIncludes bibliographical references and index. 327 $tFront matter --$tContents --$tPrologue --$tIntroduction. The City and Its Region --$tChapter 1. Building the Region --$tChapter 2. Mines and Mills --$tChapter 3. The Pittsburgh Story --$tChapter 4. Live on the Hills and Work in the City --$tChapter 5. We?re Appalachia, But We Don?t Need to Be --$tChapter 6. The New Metropolis of the Plateau --$tChapter 7. No Development Beyond This Point --$tChapter 8. Rust Belt and Roboburgh --$tChapter 9. Burbs of the ?Burgh --$tChapter 10. Rivers of Steel --$tEpilogue --$tSources --$tNotes --$tIndex --$tAcknowledgments 330 $aBeyond Rust chronicles the rise, fall, and rebirth of metropolitan Pittsburgh, an industrial region that once formed the heart of the world's steel production and is now touted as a model for reviving other hard-hit cities of the Rust Belt. Writing in clear and engaging prose, historian and area native Allen Dieterich-Ward provides a new model for a truly metropolitan history that integrates the urban core with its regional hinterland of satellite cities, white-collar suburbs, mill towns, and rural mining areas. Pittsburgh reached its industrial heyday between 1880 and 1920, as vertically integrated industrial corporations forged a regional community in the mountainous Upper Ohio River Valley. Over subsequent decades, metropolitan population growth slowed as mining and manufacturing employment declined. Faced with economic and environmental disaster in the 1930's, Pittsburgh's business elite and political leaders developed an ambitious program of pollution control and infrastructure development. The public-private partnership behind the "Pittsburgh Renaissance," as advocates called it, pursued nothing less than the selective erasure of the existing social and physical environment in favor of a modernist, functionally divided landscape: a goal that was widely copied by other aging cities and one that has important ramifications for the broader national story. Ultimately, the Renaissance vision of downtown skyscrapers, sleek suburban research campuses, and bucolic regional parks resulted in an uneven transformation that tore the urban fabric while leaving deindustrializing river valleys and impoverished coal towns isolated from areas of postwar growth. Beyond Rust is among the first books of its kind to continue past the collapse of American manufacturing in the 1980's by exploring the diverse ways residents of an iconic industrial region sought places for themselves within a new economic order. 410 0$aPolitics and culture in modern America. 606 $aUrban renewal$zPennsylvania$zPittsburgh$y20th century 606 $aCommunity development$zPennsylvania$zPittsburgh 606 $aUrban renewal$zUnited States$vCase studies 606 $aCommunity development, Urban$zUnited States$vCase studies 607 $aPittsburgh (Pa.)$xEconomic conditions$y20th century 607 $aPittsburgh Metropolitan Area (Pa.)$xEconomic conditions$y20th century 610 $aAmerican History. 610 $aAmerican Studies. 610 $aBooks of Regional Interest. 610 $aPublic Policy. 610 $aUrban Studies. 615 0$aUrban renewal 615 0$aCommunity development 615 0$aUrban renewal 615 0$aCommunity development, Urban 676 $a307.3/4160974886 700 $aDieterich-Ward$b Allen$01578567 801 0$bMiAaPQ 801 1$bMiAaPQ 801 2$bMiAaPQ 906 $aBOOK 912 $a9910797746003321 996 $aBeyond rust$93858058 997 $aUNINA